Stedman's medical dictionary for the health professions and nursing.-- 6th ed. (Record no. 32753)

MARC details
000 -LEADER
fixed length control field 00802nam a2200193 a 4500
008 - FIXED-LENGTH DATA ELEMENTS--GENERAL INFORMATION
fixed length control field 111021s2008 ||||||||||||||||| || u
020 ## - INTERNATIONAL STANDARD BOOK NUMBER
International Standard Book Number 078177618X
050 ## - LIBRARY OF CONGRESS CALL NUMBER
Classification number R 121 Ste
100 ## - MAIN ENTRY--PERSONAL NAME
Personal name Stedman, Thomas Lathrop, 1853-1938
245 10 - TITLE STATEMENT
Title Stedman's medical dictionary for the health professions and nursing.-- 6th ed.
246 ## -
-- Medical dictionary for the health professions and nursing.-- 6th ed.
250 ## - EDITION STATEMENT
Edition statement 6th ed.
260 ## - PUBLICATION, DISTRIBUTION, ETC.
Place of publication, distribution, etc. Philadelphia, PA
Name of publisher, distributor, etc. Wolters Kluwer/ Lippincott Williams & Wilkins
Date of publication, distribution, etc. 2008
300 ## - PHYSICAL DESCRIPTION
Extent xi, 589p. : ill.
350 ## -
-- 0.00
650 ## - SUBJECT ADDED ENTRY--TOPICAL TERM
Topical term or geographic name entry element MEDICINE
650 ## - SUBJECT ADDED ENTRY--TOPICAL TERM
Topical term or geographic name entry element MEDICINE--DICTIONARIES
995 ## -
-- MICHAEL CHILUFYA SATA OPEN ACCESS
-- 0.00
-- 901421
-- CBU-SCHOOL OF MEDICINE LIBRARY (Ndola)
-- 1
-- 0.00
-- R 121 Ste
-- 1
-- AVAILABLE
-- Oct 21, 2011
-- 901421
-- Reference Collection
999 ## -
-- 32753
-- 32753
Holdings
Withdrawn status Lost status Source of classification or shelving scheme Damaged status Not for loan Permanent Location Current Location Shelving location Date acquired Total Checkouts Full call number Barcode Date last seen Price effective from Koha item type
          CBU-SCHOOL OF MEDICINE LIBRARY, NDOLA. CBU-SCHOOL OF MEDICINE LIBRARY, NDOLA.   11/30/2022   R 121 Ste 901421 11/30/2022 11/30/2022 MONOGRAPH